| 000 | 00496cam a2200181ua 4500 | ||
|---|---|---|---|
| 020 |
_a81 7387 007 1 _c300.00 |
||
| 041 |
_aeng _h |
||
| 082 |
_a631.587 _bPUT/IR |
||
| 100 | _aPuttaswamaiah, K . | ||
| 245 |
_aIrrigation projects in India towards a new policy / _cK Puttaswamaiah. _hTextual Documents |
||
| 250 |
_a1 / _b. |
||
| 260 |
_aNewdelhi : _bIndus publishing company , _c1994. |
||
| 300 | _a245 ; . | ||
| 365 | _a300.00 | ||
| 504 | _a | ||
| 942 | _cBK | ||
| 999 |
_c7438 _d7438 |
||